• 首页
  • 本馆介绍
  • 公告通知
  • 最新文献
  • 馆藏检索
  • 电子资源
  • 读者导购
  • 参考咨询
  • 我的图书馆
  • 登录
  • 详细信息显示
  • 放入我的书架
  • 预约/预借图书
  • 作者相关作品
  • 分类相关作品
  • 丛书相关作品
  • 出版社相关作品

书目信息

  • 表格格式
  • 工作单格式
  • 卡片格式
题名:
读读童谣和儿歌
    
 
作者: 南山 主编
分册:   找春天
出版信息: 南京   南京大学出版社  2020.01
页数: 59页
开本: 21cm
丛书名:
单 册:
中图分类: G624.233
科图分类:
主题词: 儿歌--小学--课外读物
电子资源:
ISBN: 978-7-305-22837-7
000 00967nam0 2200241 450
001 0103152656
005 20201104100506.83
010    @a978-7-305-22837-7@dCNY15.00
100    @a20200811d2020 cemy0chiy50 ea
101 0  @achi
102    @aCN@b320000
105    @aa z 000yy
106    @ar
200 1  @a读读童谣和儿歌@Adu du tong yao he er ge@i找春天@f南山主编
210    @a南京@c南京大学出版社@d2020.01
215    @a59页@c彩图@d21cm
300    @a部编版语文教材推荐阅读书目快乐读书吧推荐阅读书目一年级下注音美绘版
330    @a本书为套装书,包含4本,针对小学一年级学生,配套语文教材课外阅读内容。选篇经典,文字优美,配有手绘插图,注音版本更适合一年级孩子阅读。内容主要以儿歌和童谣为主,符合一年级孩子的阅读喜好和阅读习惯,培养孩子的语文素养和文学审美情感,让孩子懂得中国语言文字之美。
606 0  @a儿歌@x小学@j课外读物
690    @aG624.233@v5
701  0 @a南山@Anan shan@4主编
801  0 @aCN@bBJSZM@c20201103
905    @b1257236-40@dG624.233@e1063:1@f5
    
    读读童谣和儿歌.找春天/南山主编.-南京:南京大学出版社,2020.01
    59页:彩图;21cm
    部编版语文教材推荐阅读书目快乐读书吧推荐阅读书目一年级下注音美绘版
    
    ISBN 978-7-305-22837-7:CNY15.00
    本书为套装书,包含4本,针对小学一年级学生,配套语文教材课外阅读内容。选篇经典,文字优美,配有手绘插图,注音版本更适合一年级孩子阅读。内容主要以儿歌和童谣为主,符合一年级孩子的阅读喜好和阅读习惯,培养孩子的语文素养和文学审美情感,让孩子懂得中国语言文字之美。
●
相关链接 在E读中查询图书 在五车中查询图书 在当当中查询图书 在豆瓣中查询图书


正题名:读读童谣和儿歌     索取号:G624.233/1063:1         预约/预借

序号 登录号 条形码 馆藏地/架位号 状态 备注
1 1257236   212572367   第一样本阅览室/ [索取号:G624.233/1063:1] 在馆    
2 1257237   212572376   教育系资料室/ [索取号:G624.233/1063:1] 在馆    
3 1257238   212572385   教育系资料室/ [索取号:G624.233/1063:1] 在馆    
4 1257239   212572394   第四借阅区/ [索取号:G624.233/1063:1] 在馆    
5 1257240   212572401   第四借阅区/ [索取号:G624.233/1063:1] 在馆    
唐山师范学院图书馆 欢迎您!
大连网信软件有限公司© 版权所有